| 000 | 01190cam a2200325 i 4500 | ||
|---|---|---|---|
| 999 |
_c7662 _d7662 |
||
| 001 | 991060745894906706 | ||
| 003 | OSt | ||
| 005 | 20230323182507.0 | ||
| 008 | 221011e202205 spca 000 0 cat|c | ||
| 015 |
_aLL2022 _2bnc |
||
| 017 |
_aDL L 394-2022 _bBiblioteca de Catalunya |
||
| 020 | _a9788413033730 | ||
| 040 |
_aES-BaICIP _bcat _erda _cCDMR |
||
| 080 |
_a329.055.1 _x"20" _22004 |
||
| 080 |
_a329.18 _x"20" _22004 |
||
| 080 |
_a(047.53) _22004 |
||
| 100 | 1 | _aSidera, Alba, | |
| 245 | 1 | 0 |
_aGuia pràctica contra l'extrema dreta : _bentendre i combatre el nous feixismes d'arreu del món / _cAlba Sidera, Jordina Arnau ; epíleg: Miquel Ramos ; [entrevistats:] Marcia Tiburi, Cas Mudde, Proyecto Una, Mark Bray, Moha Gerehou, Ruth Ben-Ghiat, Jordi Borràs, Olga Rodríguez |
| 264 | 1 |
_aLleida : _bPagès Editors, _c2022 |
|
| 300 |
_a181 pàgines : _bil·lustracions ; _c21 cm |
||
| 490 | 1 |
_aLa Guspira ; _v9 |
|
| 650 | 7 |
_aExtrema dreta _xHistòria _yS. XXI. _2lemac |
|
| 650 | 7 |
_aFeixisme _xHistòria _yS. XXI. _2lemac |
|
| 700 | 1 | _aArnau, Jordina, | |
| 700 | 1 | _aRamos, Miquel | |
| 830 | 0 |
_aGuspira (Pagès Editors) ; _v9 |
|
| 908 |
_aBC _aUB |
||
| 940 | _aCVA2 | ||
| 942 |
_2udc _cMON |
||